Städte und Gemeinden im Wetteraukreis mit Karte - Statistiken

Allgemein
  • Dieses Quiz wurde 134 mal gespielt
  • Das Durchschnittsergebnis liegt bei 16 aus 25
Antworten auf der Karte
Die Antworten werden auf der Karte rot bzw. grün angezeigt, abhängig davon wie oft sie richtig erraten wurden.
 
Antwortstatistiken
Stadt oder Gemeinde % Korrekt
Friedberg (Hessen)
96%
Bad Nauheim
92%
Nidda
87%
Bad Vilbel
86%
Büdingen
83%
Butzbach
82%
Karben
77%
Altenstadt
73%
Wölfersheim
73%
Rosbach v. d. Höhe
70%
Florstadt
65%
Gedern
65%
Niddatal
63%
Echzell
60%
Ober-Mörlen
60%
Münzenberg
59%
Ortenberg
58%
Wöllstadt
58%
Reichelsheim (Wetterau)
57%
Glauburg
52%
Ranstadt
49%
Röckenberg
46%
Kefenrod
45%
Hirzenhain
43%
Limeshain
40%
Keine übereinstimmenden Quizze gefunden
Verteilung der Resultate
Anzahl Personen mit jedem Resultat
Perzentil nach korrekt beantworteten Fragen
Ihre Resultats-Entwicklung
Sie haben dieses Quiz noch nicht gespielt